Statistics for Linguistics with R: (Record no. 622487)

MARC details
000 -LEADER
fixed length control field 00519nam a2200181 4500
008 - FIXED-LENGTH DATA ELEMENTS--GENERAL INFORMATION
fixed length control field 260504b |||||||| |||| 00| 0 eng d
020 ## - INTERNATIONAL STANDARD BOOK NUMBER
ISBN 9783110205657
Paper back/Hardbound pbk
041 ## - LANGUAGE CODE
Language code of text/sound track or separate title eng
082 ## - DEWEY DECIMAL CLASSIFICATION NUMBER
Classification number 401.21 GRI
100 ## - MAIN ENTRY--AUTHOR NAME
Personal name Gries,Stefan Th.
245 ## - TITLE STATEMENT
Title Statistics for Linguistics with R:
Sub Title A Practical Introduction
Statement of responsibility, etc /Stefan Th. Gries;
260 ## - PUBLICATION, DISTRIBUTION, ETC. (IMPRINT)
Place of publication Germany
Name of publisher De Gruyter Mouton
Year of publication 2009
300 ## - PHYSICAL DESCRIPTION
Number of Pages 335p. :
Dimensions 22cm
504 ## - BIBLIOGRAPHY, ETC. NOTE
Bibliography, etc Includes bibliographies and index
650 ## - SUBJECT ADDED ENTRY--TOPICAL TERM
Topical Term Philosophy & theory
942 ## - ADDED ENTRY ELEMENTS (KOHA)
Koha item type English Books
Holdings
Withdrawn status Lost status Damaged status Not for loan Home library Current library Shelving location Date acquired Full call number Accession Number Price effective from Koha item type
        Anna Centenary Library Anna Centenary Library 4TH FLOOR, B WING 13.11.2010 401.21 GRI 344710 04.05.2026 English Books

Find us on the map